000 01028nam a2200277 4500
008 110131s2004 ch 000 0 chi
020 _a9575878507
020 _a9575879023 :NT120.00/72.00/Php108.00
020 _a9789575878504
020 _a9789575879020
090 _aBT77
_bN15
_b2004
_bv.II
100 1 _a南奈奈美 Nanami, Minami
245 1 0 _aEven though you believe, you still have questions
246 1 0 _a信仰傷腦筋 Xin yang shang nao jin /
_c南奈奈美 Nai-nai-mei Nan; 蒙惠 譯 Hui Meng
260 _aTai bei xian xin dian shi :
_b校園書房出版 Xiao yuan shu fang,
_c2004.
300 _a136 p. :
_bill. ;
_c22 cm.
490 1 _aNan nai nai mei de ren sheng ju chang
650 4 _aBelief and doubt {ch}.
650 4 _aChristian education {ch}.
650 4 _aFaith {ch}.
650 4 _aJi du jiao
_xxin yang
_xman hua yu ka tong.
700 1 _aHui Meng
700 1 _aNan, Nai-nai-mei
951 _pC-10242
_x00039958
_oCHBT77/N15/2004/v.II
_j110131105433828
_d2000-12-21
_cCH
999 _c35273
_d35273